000 00703nam a22002177a 4500
003 SISC
005 20170125101550.0
008 131216b xxu||||| |||| 00| 0 eng d
020 _a9781609940652
050 _aHD 58.8
_b.M2452 2011
100 _aMalhotra, Deepak.
245 _aI moved your cheese :
_bfor those who refuse to live as mice in someone else’s maze /
_cDeepak Malhotra.
250 _a1st edition.
260 _aSan Francisco :
_bBerrett-Koehler Publishers,
_c2011.
300 _axiv, 103 pages :
_billustrations ;
_c23 cm.
650 _aSuccess.
650 _aSelf-actualization (Psychology).
650 _aControl (Psychology).
942 _2lcc
_cBK
_kFOR
999 _c25793
_d25793